04287cam a2200385 a 450000100090000000300040000900500170001300800410003001000170007102000250008803500200011304000220013304200080015505000180016308200150018124501450019626000550034130000360039650002240043250000570065650400510071350526490076465000300341365000340344365000180347765000470349565000510354265000430359370000370363670000250367390600450369894200120374399900160375595201300377116776345OSt20220816165410.0110510s2013 maua b 001 0 eng  a 2011019904 a9780763774141 (pbk.) a(DNLM)101560334 aDNLM/DLCcLCdDLC apcc00aRT82.8.C5553 00a610.7322300aClinical guidelines for advanced practice nursing: an interdisciplinary approach. /c[edited by] Geraldine M. Collins-Bride, JoAnne M. Saxe. aBurlington, MA:bJones & Bartlett Learning,c2012. axxIii, 647 p. :bill. ;c28 cm. aRev. ed. of: Nurse practitioner/physician collaborative practice / edited by Geraldine M. Collins-Bride and JoAnne M. Saxe. San Francisco, Calif. : School of Nursing, University of California, UCSF Nursing Press, c1998. a"In cooperation with UCSF School of Nursing"--Cover. aIncludes bibliographical references and index. aContents: Legal scope of advanced nursing practice -- Pediatric health maintenance and promotion: First well-baby visit -- Care of the postneonatal intensive care unit graduate -- 0 to 3 years of age interval visit -- 3 to 6 years of age internal visit -- 6 to 11 years of age internal visit -- The adolescent and young adult (12 - 21 years of age) interval visit -- Developmental assessment: screening for developmental delay and autism -- Common pediatric presentations: Atopic dermatitis in children -- Attention-deficit/hyperactivity disorder in children and adolescents -- Childhood asthma -- Childhood depression -- Child maltreatment -- Failure to thrive during infancy -- Urinary incontinence in children -- Gynecology: Abnormal uterine bleeding -- Amenorrhea and Polycystic ovary syndrome -- Cervical, vaginal and vulvar cancer screening -- Female and male sterilization -- Hormonal contraception -- Menopause transition -- Nonhormonal contraception -- Urinary incontinence in women -- Obstetric health maintenance and promotion: The initial prenatal visit -- Prenatal genetic screening -- The return prenatal visit -- The postpartum visit -- Guidelines for medical consultation and referral during pregnancy -- Common obstetric presentations: Anemia in pregnancy -- Birth choices for women with a previous cesarean delivery -- Common discomforts of pregnancy -- Gestational diabetes mellitus: early detection and management in pregnancy -- Preeclampsia -- Prenatal genetic diagnosis -- Preterm labor management -- Urinary tract infection: Prevention and management in pregnancy -- Adult health maintenance and promotion: Healthcare maintenance of the adult -- Healthcare maintenance for adults with developmental disabilities -- Healthcare maintenance for transgendered individuals -- Postexposure prophylaxis for HIV Infection -- Common adult presentations: Abscess assessment and management -- Anemia -- Anticooagulation therapy (oral) -- Anxiety -- Asthma in adolescents and adults -- Benign prostatic hyperplasia -- Chronic obstructive pulmonary disease -- Chronic nonmalignant pain management --Chronic viral hepatitis -- Congestive heart failure -- Dementia -- Depression -- Diabetes mellitus -- Epilepsy -- Low back pain -- Gastroesophageal reflux disease -- Herpes simplex infections -- Hypertension -- Intimate partner violence(domestic violence) -- Irritable bowel syndrome -- Neck pain -- Obesity -- Osteoarthritis -- Primary care of HIV-Infected adults -- Smoking cessation -- Thyroid disorders -- Upper extremity tendinopathy: bicipital tendinopathy, lateral epicondylitis and DeQuervain's tenosynovitis -- Wound care --  0aNurse practitioners.9182 0aPrimary care (Medicine).9183 0aNursing.910212aAdvanced Practice NursingvGuideline.918422aClinical ProtocolsxstandardsvGuideline.918522aNursing CarexmethodsvGuideline.91861 aCollins-Bride, Geraldine M.91871 aSaxe, JoAnne M.9188 a7bcbccorignewd1eecipf20gy-gencatlg 2lcccBK c9149d16649 00102lcc4070aWIUC-KLbWIUC-KLcNURS L.d2019-11-25l0oRT82.8.C5553 pKSN/632/632/19r2022-08-16 00:00:00w2022-08-16yBK